| 000 | 00533pab a2200157 454500 | ||
|---|---|---|---|
| 008 | 180718b2018 xxu||||| |||| 00| 0 eng d | ||
| 100 | _aGill, Mandip | ||
| 245 | _aExploring the relationship between job satisfaction and organizational citizenship behavior in service organizations: an empirical study | ||
| 260 | _c2018 | ||
| 300 | _ap.19-26. | ||
| 362 | _aJul & Jan | ||
| 650 | _aOrganizational citizenship behaviour | ||
| 650 | _aJob satisfaction | ||
| 773 | _aPrestige International Journal of Management | ||
| 909 | _a117065 | ||
| 999 |
_c117059 _d117059 |
||